| 000 | 00713nam a2200217Ia 4500 | ||
|---|---|---|---|
| 003 | IN-BaIIA | ||
| 008 | 211028s9999 xx 000 0 eng d | ||
| 020 | _a978-1-904868-78-1 | ||
| 040 | _cIIA Library | ||
| 080 |
_a[8]:01:00 _bSTO |
||
| 100 |
_aStockli, Alfred _935377 |
||
| 245 | 0 |
_aFritz Zwicky _ban extraordinary astrophysicist _cAlfred Stockli and Roland Muller |
|
| 260 |
_aCambridge _bCambridge Scientific Publishers _c2011 |
||
| 300 | _ax, 248p. | ||
| 490 | _aAdvances in astronomy and astrophysics; v.11 | ||
| 650 |
_aBiography-Astrophysicist _935378 |
||
| 650 |
_aFirtz Zwicky-Astrophysicist-Biography _935379 |
||
| 650 |
_aGordon, Ian tr. _935380 |
||
| 700 |
_aMuller, Roland _935381 |
||
| 942 | _cBK | ||
| 999 |
_c18425 _d18425 |
||